[Event "XXXVI Gold Cup"]
[Site "Merano - Meran ITA"]
[Date "2008.04.07"]
[Round "4"]
[White "Causevic, Ismet"]
[Black "Muscolino, Attilio"]
[Result "1-0"]
[WhiteElo "1957"]
[BlackElo "2122"]
[PlyCount "87"]
[EventDate "2008.04.04"]

1. d4 Nf6 2. c4 g6 3. Nc3 Bg7 4. e4 d6 5. Be2 O-O 6. Nf3 e5 7. O-O Nc6 8. d5
Ne7 9. Ne1 Nd7 10. Nd3 f5 11. f3 Nf6 12. Nf2 f4 13. b4 g5 14. c5 Kh8 15. Bd2
Rg8 16. Rc1 h5 17. cxd6 cxd6 18. Nb5 Ne8 19. Be1 Bf8 20. h3 Rg7 21. Bc3 Ng8 22.
Na3 Qf6 23. Nc4 Kh7 24. Nd3 Nh6 25. Ncxe5 dxe5 26. Bxe5 Qb6+ 27. Kh2 Rg8 28.
Qa4 Qd8 29. Qc2 Bd6 30. Bxd6 Qxd6 31. e5 Qg6 32. e6 Nf5 33. Ne5 Qf6 34. Nf7 Kg7
35. Qc5 Ne3 36. Rfe1 Nxd5 37. Qxd5 Bxe6 38. Qxb7 Bxf7 39. Qxa8 g4 40. fxg4 hxg4
41. Bxg4 Nc7 42. Qxa7 Nd5 43. Be6 Nxb4 44. Bxf7 1-0

[Event "XXXVI Gold Cup"]
[Site "Merano - Meran ITA"]
[Date "2008.04.07"]
[Round "4"]
[White "Jaeger, Erich"]
[Black "Poffers, Adriaan"]
[Result "1/2-1/2"]
[WhiteElo "2038"]
[BlackElo "2251"]
[PlyCount "39"]
[EventDate "2008.04.04"]

1. d4 Nc6 2. e4 d5 3. exd5 Qxd5 4. Ne2 Bf5 5. Nbc3 Qa5 6. Ng3 O-O-O 7. Nxf5
Qxf5 8. Bd3 Qe6+ 9. Be3 Nxd4 10. O-O Qd7 11. Qh5 g6 12. Qa5 Nc6 13. Qa4 Nf6 14.
Bb5 a6 15. Bxa6 Nd4 16. Bb5 c6 17. Qa8+ Kc7 18. Qa5+ Kc8 19. Qa8+ Kc7 20. Qa5+
1/2-1/2

[Event "XXXVI Gold Cup"]
[Site "Merano - Meran ITA"]
[Date "2008.04.07"]
[Round "4"]
[White "Pohle, Dirk"]
[Black "Wempe, Juergen"]
[Result "1-0"]
[WhiteElo "2188"]
[BlackElo "2183"]
[PlyCount "61"]
[EventDate "2008.04.04"]

1. e4 c5 2. Nf3 Nf6 3. Nc3 Nc6 4. d4 d5 5. exd5 Nxd5 6. Nxd5 Qxd5 7. c3 cxd4 8.
cxd4 e5 9. dxe5 Qxd1+ 10. Kxd1 Bg4 11. Be2 O-O-O+ 12. Kc2 Bf5+ 13. Kc3 Bb4+ 14.
Kb3 Be6+ 15. Kc2 Bf5+ 16. Kb3 Rd5 17. Be3 a5 18. Rac1 Be6 19. Ka4 Kd7 20. Bc4
b5+ 21. Bxb5 Rxb5 22. Kxb5 Rb8+ 23. Bb6 Na7+ 24. Ka6 Nc8 25. Rhd1+ Ke7 26. Bc7
Ra8+ 27. Kb7 Ra7+ 28. Kb8 Ra6 29. Bd8+ Ke8 30. Rxc8 Bxc8 31. Kxc8 1-0

[Event "XXXVI Gold Cup"]
[Site "Merano - Meran ITA"]
[Date "2008.04.07"]
[Round "4"]
[White "Watson, Ron"]
[Black "Doehner, Hans-Juergen"]
[Result "1-0"]
[WhiteElo "2107"]
[BlackElo "2188"]
[PlyCount "109"]
[EventDate "2008.04.04"]

1. d4 d5 2. Nc3 Nf6 3. Bg5 Bf5 4. f3 Nbd7 5. Nxd5 Nxd5 6. e4 h6 7. Bh4 Ne3 8.
Qd3 Nxf1 9. exf5 Nxh2 10. Rxh2 Nb6 11. Ne2 Qd6 12. Bg3 Qc6 13. O-O-O O-O-O 14.
Nc3 e6 15. Nb5 Qd5 16. Nxa7+ Kb8 17. Nb5 Rd7 18. fxe6 fxe6 19. Nc3 Qg5+ 20. f4
Qd8 21. Qe4 Bb4 22. Ne2 Re8 23. c3 Bd6 24. Rh5 Nd5 25. Bh4 Qc8 26. Re1 Rf7 27.
g3 Qd7 28. Ng1 Nxf4 29. gxf4 Rxf4 30. Qg6 Ref8 31. Ne2 Rf1 32. Qg2 R1f5 33. Bg3
Bxg3 34. Nxg3 Qa4 35. Rf1 Rxf1+ 36. Nxf1 Qxa2 37. Nd2 Qa1+ 38. Nb1 Qa6 39. Nd2
Qa1+ 40. Kc2 Qa4+ 41. Nb3 b6 42. Re5 Rf6 43. Qe2 Qc6 44. Qe4 Qc4 45. Qe2 Qc6
46. Nd2 Qa4+ 47. b3 Qa2+ 48. Kd3 Qa6+ 49. c4 Qc8 50. d5 Qd7 51. Rxe6 Rf8 52.
Nf3 Qf7 53. Nd4 Kb7 54. d6 Rc8 55. Re7 1-0

[Event "XXXVI Gold Cup"]
[Site "Merano - Meran ITA"]
[Date "2008.04.08"]
[Round "5"]
[White "Causevic, Ismet"]
[Black "Freundorfer, Josef"]
[Result "0-1"]
[WhiteElo "1957"]
[BlackElo "2168"]
[PlyCount "82"]
[EventDate "2008.04.04"]

1. d4 Nf6 2. c4 g6 3. Nc3 Bg7 4. e4 d6 5. Nf3 Nbd7 6. Be2 O-O 7. O-O e5 8. d5
Nc5 9. Qc2 a5 10. Be3 b6 11. a3 Ng4 12. Bxc5 bxc5 13. h3 Nf6 14. Rab1 Nh5 15.
Ne1 Nf4 16. Bf3 f5 17. Ne2 fxe4 18. Bxe4 Bh6 19. Nd3 Bd7 20. Ndxf4 exf4 21. f3
Rb8 22. Nc3 Bg7 23. Ne2 Qh4 24. Kh2 Kh8 25. b3 Rbe8 26. Qd2 Re5 27. Qe1 Qh6 28.
Rd1 Rb8 29. Qxa5 Rc8 30. Qd2 Rh5 31. Kg1 Bxh3 32. Qxf4 Rg5 33. Rf2 Be5 34. Qd2
Bxg2 35. Rxg2 Qh2+ 36. Kf2 Rxg2+ 37. Ke3 Bf4+ 38. Nxf4 Rxd2 39. Rxd2 Qg1+ 40.
Kd3 Qb1+ 41. Kc3 Qa1+ 0-1

[Event "XXXVI Gold Cup"]
[Site "Merano - Meran ITA"]
[Date "2008.04.08"]
[Round "5"]
[White "Klein, Reinhard"]
[Black "Watson, Ron"]
[Result "1/2-1/2"]
[WhiteElo "1903"]
[BlackElo "2107"]
[PlyCount "90"]
[EventDate "2008.04.04"]

1. d4 d5 2. Bf4 Nf6 3. e3 Bg4 4. Nf3 e6 5. Nbd2 Bd6 6. Bg3 Ne4 7. Be2 f5 8.
Bxd6 Qxd6 9. Nxe4 fxe4 10. Ne5 Bxe2 11. Qxe2 O-O 12. f4 exf3 13. gxf3 Nd7 14.
Nxd7 Qxd7 15. f4 b6 16. O-O-O c5 17. dxc5 bxc5 18. Rhg1 Rf7 19. b3 Rb8 20. c4
d4 21. exd4 cxd4 22. Qe5 Rd8 23. Rge1 Rf5 24. Qxe6+ Qxe6 25. Rxe6 Rxf4 26. Re7
Rf7 27. Rxf7 Kxf7 28. Re1 g5 29. Rg1 Kf6 30. h4 h6 31. hxg5+ hxg5 32. Kd2 a5
33. Kd3 Kf5 34. c5 g4 35. Rf1+ Ke5 36. a3 g3 37. b4 axb4 38. axb4 g2 39. Rg1
Rg8 40. c6 Kd5 41. c7 Rg3+ 42. Kd2 Rc3 43. Rxg2 Rxc7 44. b5 Kc4 45. b6 Rb7
1/2-1/2

[Event "XXXVI Gold Cup"]
[Site "Merano - Meran ITA"]
[Date "2008.04.08"]
[Round "5"]
[White "Poffers, Adriaan"]
[Black "Staufenberger, Bernd"]
[Result "1-0"]
[WhiteElo "2251"]
[BlackElo "2081"]
[PlyCount "81"]
[EventDate "2008.04.04"]

1. d4 d5 2. Bf4 Nf6 3. e3 c6 4. Bd3 e6 5. Nd2 Bd6 6. Bg3 Qc7 7. f4 b6 8. Qe2 c5
9. c3 Bb7 10. Ngf3 Nbd7 11. Ne5 O-O-O 12. a3 h6 13. b4 c4 14. Bc2 Nb8 15. O-O
a6 16. e4 Rhe8 17. Nxf7 Qxf7 18. e5 Bf8 19. exf6 gxf6 20. Rae1 Nd7 21. Nf3 Bd6
22. Qe3 f5 23. Bh4 Be7 24. Bxe7 Rxe7 25. Re2 Rde8 26. Rfe1 Kd8 27. a4 Qf6 28.
Qc1 Rg7 29. g3 Rg6 30. b5 axb5 31. axb5 Qf8 32. Qb2 Qd6 33. Bxf5 Rf6 34. Bh3
Rg6 35. Ne5 Nxe5 36. Rxe5 Bc8 37. f5 Rg5 38. Qe2 Qa3 39. Qe3 Bd7 40. fxe6 Rxe5
41. dxe5 1-0

[Event "XXXVI Gold Cup"]
[Site "Merano - Meran ITA"]
[Date "2008.04.08"]
[Round "5"]
[White "Welz, Peter"]
[Black "Pohle, Dirk"]
[Result "0-1"]
[WhiteElo "2147"]
[BlackElo "2188"]
[PlyCount "112"]
[EventDate "2008.04.04"]

1. e4 e6 2. d4 d5 3. e5 c5 4. c3 Nc6 5. Nf3 Qb6 6. a3 cxd4 7. cxd4 f6 8. Bd3
Nge7 9. O-O fxe5 10. dxe5 g6 11. Nc3 Bg7 12. Qe2 O-O 13. Bg5 Nf5 14. Nb5 a6 15.
Bxf5 axb5 16. Bd3 b4 17. h4 Nd4 18. Nxd4 Qxd4 19. h5 Qxe5 20. Qxe5 Bxe5 21.
hxg6 hxg6 22. axb4 Rxa1 23. Rxa1 Bxb2 24. Ra2 Bc3 25. Be7 Re8 26. Bc5 Kg7 27.
Bb5 Rh8 28. Rc2 Be5 29. g3 g5 30. Be3 Kf6 31. f4 gxf4 32. gxf4 Rg8+ 33. Kf2 Bd6
34. Bd4+ e5 35. fxe5+ Bxe5 36. Bxe5+ Kxe5 37. Rc7 Rf8+ 38. Ke3 Kd6 39. Rg7 Rf6
40. Kd4 Rf4+ 41. Kc3 b6 42. Rg8 Be6 43. Rd8+ Ke5 44. Rb8 d4+ 45. Kd2 Rf2+ 46.
Kc1 Bf5 47. Rxb6 Rc2+ 48. Kd1 Rb2 49. Rb8 Rxb4 50. Re8+ Kf4 51. Ba6 Be4 52. Kd2
Rb2+ 53. Kc1 Rb6 54. Rh8 Rxa6 55. Rh4+ Ke3 56. Rh3+ Bf3 0-1

[Event "XXXVI Gold Cup"]
[Site "Merano - Meran ITA"]
[Date "2008.04.08"]
[Round "5"]
[White "Wempe, Juergen"]
[Black "Jaeger, Erich"]
[Result "1/2-1/2"]
[WhiteElo "2183"]
[BlackElo "2038"]
[PlyCount "26"]
[EventDate "2008.04.04"]

1. d4 d5 2. Nf3 f5 3. h3 Nf6 4. Bf4 e6 5. g4 Bd6 6. Ne5 Nbd7 7. e3 Bxe5 8. dxe5
Ne4 9. gxf5 exf5 10. Qxd5 Qe7 11. c3 c6 12. Qd4 Ndc5 13. Rg1 Be6 1/2-1/2

[Event "XXXVI Gold Cup"]
[Site "Merano - Meran ITA"]
[Date "2008.04.09"]
[Round "6"]
[White "Doehner, Hans-Juergen"]
[Black "Welz, Peter"]
[Result "0-1"]
[WhiteElo "2188"]
[BlackElo "2147"]
[PlyCount "96"]
[EventDate "2008.04.04"]

1. e4 e6 2. d4 d5 3. e5 c5 4. c3 Nc6 5. Nf3 Qb6 6. a3 c4 7. Nbd2 Na5 8. Be2 Bd7
9. O-O Ne7 10. Re1 h6 11. Rb1 O-O-O 12. b3 cxb3 13. c4 Ba4 14. c5 Qc6 15. Bb2
g5 16. Bd3 Qc7 17. Qe2 a6 18. Rec1 Nec6 19. Bc3 Be7 20. Nf1 g4 21. N3d2 h5 22.
Ne3 f5 23. exf6 Bxf6 24. Nxd5 exd5 25. Qe6+ Kb8 26. Qxf6 h4 27. Nf1 Ka7 28. Qf5
Nc4 29. Qxg4 Rdg8 30. Qh3 Qf4 31. Qf5 Rf8 32. Qxf4 Rxf4 33. Bxc4 dxc4 34. Rd1
Re8 35. Rb2 Ree4 36. d5 Nd4 37. Ne3 Nb5 38. Rc1 Nxa3 39. Kf1 Rxe3 40. Bd2 c3
41. Bxc3 Nc4 42. Re2 b2 43. Bxb2 Rxe2 44. Kxe2 Nxb2 45. f3 Bb5+ 46. Ke3 Rf5 47.
Ke4 Rg5 48. Rg1 Bc4 0-1

[Event "XXXVI Gold Cup"]
[Site "Merano - Meran ITA"]
[Date "2008.04.09"]
[Round "6"]
[White "Poffers, Adriaan"]
[Black "Klein, Reinhard"]
[Result "1-0"]
[WhiteElo "2251"]
[BlackElo "1903"]
[PlyCount "67"]
[EventDate "2008.04.04"]

1. g3 c5 2. Bg2 Nc6 3. Nf3 g6 4. O-O Bg7 5. c3 d5 6. d3 e5 7. Nbd2 Nf6 8. e4
O-O 9. Qb3 Rb8 10. exd5 Qxd5 11. Nc4 Qxd3 12. Nfxe5 Nxe5 13. Nxe5 Qa6 14. Nc6
Be6 15. Nxb8 Qxf1+ 16. Kxf1 Bxb3 17. axb3 Rxb8 18. Rxa7 b5 19. Bf4 Rd8 20. Ra8
Rxa8 21. Bxa8 Bf8 22. Ke2 b4 23. Kd3 Ng4 24. f3 Nf2+ 25. Ke2 Nh3 26. Be3 g5 27.
Bc6 f5 28. f4 Bd6 29. Kf3 gxf4 30. gxf4 Kg7 31. Bb5 Kg6 32. Bf1 Bxf4 33. Bxf4
Nxf4 34. Kxf4 1-0

[Event "XXXVI Gold Cup"]
[Site "Merano - Meran ITA"]
[Date "2008.04.09"]
[Round "6"]
[White "Pohle, Dirk"]
[Black "Freundorfer, Josef"]
[Result "1-0"]
[WhiteElo "2188"]
[BlackElo "2168"]
[PlyCount "85"]
[EventDate "2008.04.04"]

1. e4 e5 2. Nf3 Nc6 3. Bb5 Bc5 4. O-O Qf6 5. c3 Nge7 6. d3 h6 7. a4 a6 8. Bc4
Ng6 9. Be3 Ba7 10. d4 d6 11. d5 Nce7 12. Qb3 Nf4 13. Bxf4 Qxf4 14. Nbd2 g5 15.
g3 Qf6 16. Kg2 Rb8 17. Ng1 h5 18. Qd1 h4 19. g4 h3+ 20. Kh1 Ng6 21. Be2 Nf4 22.
Nc4 Qg6 23. Nd2 Qh7 24. f3 Ng2 25. Nc4 Qh4 26. Qd2 Bd7 27. b4 b5 28. axb5 Bxb5
29. Nb2 Be3 30. Bxb5+ axb5 31. Qe2 Bf4 32. Nd1 Ke7 33. Ra7 Rhc8 34. Nxh3 Qxh3
35. Qxg2 Qh6 36. Qa2 Qh3 37. Qg2 Qh6 38. Ra2 Rh8 39. Kg1 Qf6 40. Qh1 Rh3 41.
Re1 Rbh8 42. Ree2 Rxf3 43. Qxf3 1-0

[Event "XXXVI Gold Cup"]
[Site "Merano - Meran ITA"]
[Date "2008.04.09"]
[Round "6"]
[White "Watson, Ron"]
[Black "Causevic, Ismet"]
[Result "1-0"]
[WhiteElo "2107"]
[BlackElo "1957"]
[PlyCount "47"]
[EventDate "2008.04.04"]

1. d4 d5 2. Nc3 Nf6 3. Bg5 e6 4. e4 dxe4 5. Nxe4 Be7 6. Bxf6 Bxf6 7. c3 O-O 8.
Bd3 Nd7 9. f4 b6 10. Qf3 Rb8 11. O-O-O Be7 12. Nh3 h6 13. Rhg1 f5 14. Nef2 c5
15. dxc5 Bxc5 16. g4 fxg4 17. Nxg4 Bxg1 18. Rxg1 Qh4 19. Qe4 Nf6 20. Nxf6+ Qxf6
21. Qh7+ Kf7 22. Rg6 Qxg6 23. Bxg6+ Kf6 24. Bh5 1-0

[Event "XXXVI Gold Cup"]
[Site "Merano - Meran ITA"]
[Date "2008.04.09"]
[Round "6"]
[White "Wempe, Juergen"]
[Black "Helbig, Dieter"]
[Result "1-0"]
[WhiteElo "2183"]
[BlackElo "1896"]
[PlyCount "63"]
[EventDate "2008.04.04"]

1. d4 Nf6 2. Bf4 d6 3. Nd2 Nbd7 4. Ngf3 g6 5. h3 Bg7 6. e4 O-O 7. Bc4 c5 8. e5
Ne8 9. e6 fxe6 10. Ng5 Nc7 11. Bxe6+ Nxe6 12. Nxe6 Qe8 13. Nxf8 Qxf8 14. Qf3
cxd4 15. Ne4 Nb6 16. Qb3+ Kh8 17. Ng5 d5 18. Bc7 Nc4 19. O-O h6 20. Nf3 b6 21.
Rfe1 Bf5 22. Be5 Rc8 23. Bxd4 Bxd4 24. Nxd4 e5 25. Nxf5 gxf5 26. Qd3 d4 27. b3
Nb2 28. Qd2 Qg7 29. Rab1 Rg8 30. f3 e4 31. fxe4 d3 32. Rxb2 1-0

[Event "XXXVI Gold Cup"]
[Site "Merano - Meran ITA"]
[Date "2008.04.10"]
[Round "7"]
[White "Freundorfer, Josef"]
[Black "Wempe, Juergen"]
[Result "1/2-1/2"]
[WhiteElo "2168"]
[BlackElo "2183"]
[PlyCount "40"]
[EventDate "2008.04.04"]

1. e4 c5 2. Nf3 Nf6 3. e5 Nd5 4. Nc3 e6 5. Ne4 f5 6. Ng3 Nc6 7. c4 Nf4 8. d4
Ng6 9. d5 Ncxe5 10. Nxe5 Nxe5 11. Qe2 Qf6 12. Bd2 Nf7 13. Bc3 e5 14. Nh5 Qe7
15. f4 d6 16. g3 g6 17. fxe5 Nxe5 18. Nf4 Bg7 19. Bg2 Rb8 20. O-O Bd7 1/2-1/2

[Event "XXXVI Gold Cup"]
[Site "Merano - Meran ITA"]
[Date "2008.04.10"]
[Round "7"]
[White "Klein, Reinhard"]
[Black "Jaeger, Erich"]
[Result "0-1"]
[WhiteElo "1903"]
[BlackElo "2038"]
[PlyCount "64"]
[EventDate "2008.04.04"]

1. d4 Nf6 2. Nf3 g6 3. Bf4 Bg7 4. e3 O-O 5. Be2 d6 6. h3 Nbd7 7. c4 c5 8. d5
Nh5 9. Bh2 Bxb2 10. Ng5 Ng7 11. Nd2 Bxa1 12. Qxa1 Qa5 13. Ngf3 a6 14. O-O b5
15. a3 b4 16. axb4 Qxa1 17. Rxa1 cxb4 18. Nb3 Nc5 19. Nfd4 Nxb3 20. Nxb3 Bf5
21. Nd4 a5 22. Nxf5 Nxf5 23. Ra4 Rfc8 24. g4 Ng7 25. e4 f6 26. Bf4 g5 27. Be3
Rcb8 28. c5 dxc5 29. Bxc5 b3 30. Bd3 b2 31. Bb1 Rc8 32. Be3 Rc1+ 0-1

[Event "XXXVI Gold Cup"]
[Site "Merano - Meran ITA"]
[Date "2008.04.10"]
[Round "7"]
[White "Watson, Ron"]
[Black "Pohle, Dirk"]
[Result "0-1"]
[WhiteElo "2107"]
[BlackElo "2188"]
[PlyCount "48"]
[EventDate "2008.04.04"]

1. d4 e6 2. e4 d5 3. Nc3 Nf6 4. Bg5 Bb4 5. e5 h6 6. Bd2 Bxc3 7. bxc3 Ne4 8. Qg4
g6 9. Bc1 c5 10. Bd3 Nxc3 11. dxc5 Qa5 12. Bd2 Qa4 13. f4 Ne4 14. Nf3 Nc6 15.
Qh4 Nxd2 16. Kxd2 g5 17. Nxg5 Nxe5 18. g3 Nxd3 19. cxd3 Qb4+ 20. Ke3 Qxc5+ 21.
Kd2 Qf2+ 22. Kc3 Bd7 23. Rhc1 Rc8+ 24. Kb3 Qb6+ 0-1

[Event "XXXVI Gold Cup"]
[Site "Merano - Meran ITA"]
[Date "2008.04.11"]
[Round "8"]
[White "Doehner, Hans-Juergen"]
[Black "Marek, Herbert"]
[Result "1-0"]
[WhiteElo "2188"]
[BlackElo "1927"]
[PlyCount "45"]
[EventDate "2008.04.04"]

1. e4 c5 2. Nc3 Nc6 3. f4 d6 4. Bc4 e6 5. Nf3 a6 6. a4 b6 7. O-O Bb7 8. d4 cxd4
9. Ne2 Nb4 10. Bd2 d5 11. exd5 Nxd5 12. Nexd4 Bc5 13. c3 Qc7 14. Qe2 Ngf6 15.
Ne5 O-O 16. Kh1 Rad8 17. Bxa6 Ba8 18. Nb5 Qb8 19. b4 Be7 20. Nd4 Qd6 21. Rab1
Nd7 22. Bd3 f5 23. Nc4 1-0

[Event "XXXVI Gold Cup"]
[Site "Merano - Meran ITA"]
[Date "2008.04.11"]
[Round "8"]
[White "Freundorfer, Josef"]
[Black "Watson, Ron"]
[Result "1-0"]
[WhiteElo "2168"]
[BlackElo "2107"]
[PlyCount "57"]
[EventDate "2008.04.04"]

1. e4 e6 2. d4 d5 3. Nc3 dxe4 4. Nxe4 Nf6 5. Nxf6+ gxf6 6. Be3 Nd7 7. Qh5 b6 8.
Bc4 Qe7 9. O-O-O Bb7 10. Nf3 O-O-O 11. a3 Bg7 12. Rhe1 h6 13. Bf4 Rhe8 14. Qb5
f5 15. Qa4 Kb8 16. Bb5 Rg8 17. Bg3 Bf8 18. Rd3 f4 19. Bxf4 Rxg2 20. Rc3 e5 21.
Nxe5 Nxe5 22. Bxe5 Rxf2 23. Bxc7+ Qxc7 24. Rxc7 Kxc7 25. Qb3 Bd6 26. Kb1 f5 27.
Qf7+ Kb8 28. h3 Be4 29. Rxe4 1-0

[Event "XXXVI Gold Cup"]
[Site "Merano - Meran ITA"]
[Date "2008.04.11"]
[Round "8"]
[White "Pohle, Dirk"]
[Black "Jaeger, Erich"]
[Result "1/2-1/2"]
[WhiteElo "2188"]
[BlackElo "2038"]
[PlyCount "38"]
[EventDate "2008.04.04"]

1. e4 c5 2. Nf3 e6 3. d4 cxd4 4. Nxd4 Nc6 5. Nc3 a6 6. Be3 d6 7. Qd2 Nf6 8. f4
Qc7 9. Be2 Be7 10. Nb3 b5 11. Bf3 O-O 12. O-O Bb7 13. g4 Rfd8 14. g5 Nd7 15.
Qf2 b4 16. Na4 Rab8 17. Nb6 Nc5 18. Nxc5 dxc5 19. Nc4 Nd4 1/2-1/2

[Event "XXXVI Gold Cup"]
[Site "Merano - Meran ITA"]
[Date "2008.04.11"]
[Round "8"]
[White "Staufenberger, Bernd"]
[Black "Opitz, Christian"]
[Result "0-1"]
[WhiteElo "2081"]
[BlackElo "2065"]
[PlyCount "108"]
[EventDate "2008.04.04"]

1. e4 e5 2. f4 Bc5 3. Nf3 d6 4. Nc3 Nf6 5. Bc4 Nc6 6. d3 Bg4 7. Na4 Bb6 8. Nxb6
axb6 9. c3 O-O 10. O-O d5 11. exd5 Nxd5 12. h3 Bxf3 13. Qxf3 Nf6 14. fxe5 Nxe5
15. Qxb7 Nxc4 16. dxc4 Qd6 17. Bf4 Qc5+ 18. Kh2 c6 19. b3 Ne4 20. Rf3 Rae8 21.
Rd1 Re6 22. Qc7 Rfe8 23. Rd8 Nf6 24. Rxe8+ Rxe8 25. Bd6 Qh5 26. Qxc6 Re2 27.
Qc8+ Ne8 28. Bg3 Qxf3 29. Qxe8+ Rxe8 30. gxf3 Re2+ 31. Kg1 Rxa2 32. Bf2 Ra3 33.
Bxb6 Rxb3 34. Ba5 Rb2 35. Bb4 f5 36. c5 Kf7 37. c6 Ke6 38. c7 Kd7 39. Bd6 g5
40. c4 Rd2 41. c5 Rc2 42. Kh1 Rf2 43. f4 gxf4 44. Kg1 Rc2 45. Bxf4 Rxc5 46. Kf2
Rxc7 47. Bxc7 Kxc7 48. Kf3 Kd6 49. Kf4 Ke6 50. h4 Kf6 51. Kf3 Ke5 52. Ke3 f4+
53. Kf3 Kf5 54. h5 h6 0-1

[Event "XXXVI Gold Cup"]
[Site "Merano - Meran ITA"]
[Date "2008.04.11"]
[Round "8"]
[White "Wempe, Juergen"]
[Black "Causevic, Ismet"]
[Result "1-0"]
[WhiteElo "2183"]
[BlackElo "1957"]
[PlyCount "59"]
[EventDate "2008.04.04"]

1. d4 d5 2. Bf4 e6 3. e3 Bd6 4. Bg3 Nf6 5. Nd2 O-O 6. Bd3 Re8 7. f4 c5 8. c3
cxd4 9. exd4 b6 10. Qf3 g6 11. Bh4 Be7 12. g4 Nfd7 13. Bxe7 Qxe7 14. g5 Bb7 15.
h4 f5 16. O-O-O Nf8 17. Re1 Qg7 18. Qe3 Nbd7 19. Ngf3 a6 20. Rh2 Rac8 21. Kb1
b5 22. h5 b4 23. cxb4 Nb6 24. Ne5 Nbd7 25. Ndf3 Nxe5 26. Nxe5 Nd7 27. Nxd7 Qxd7
28. hxg6 hxg6 29. Reh1 Qg7 30. Qe5 1-0

[Event "XXXVI Gold Cup"]
[Site "Merano - Meran ITA"]
[Date "2008.04.12"]
[Round "9"]
[White "Huhn, Ulrich"]
[Black "Doehner, Hans-Juergen"]
[Result "0-1"]
[WhiteElo "1971"]
[BlackElo "2188"]
[PlyCount "116"]
[EventDate "2008.04.04"]

1. d4 d5 2. Nc3 Nf6 3. Bg5 g6 4. f3 Bg7 5. e4 c6 6. e5 Nfd7 7. f4 f6 8. Bh4 Nb6
9. Bd3 fxe5 10. fxe5 O-O 11. Nf3 Bf5 12. O-O Qd7 13. Qe2 e6 14. h3 Qc7 15. Bxf5
gxf5 16. Ng5 Qd7 17. Qh5 h6 18. Nf3 Nc4 19. Qg6 Qf7 20. Qxf7+ Rxf7 21. b3 Ne3
22. Rf2 f4 23. Re2 Nd7 24. Bf2 Nf5 25. Nh4 Nxh4 26. Bxh4 f3 27. Rf2 Rf4 28. Bg3
Rxd4 29. Rxf3 Rd2 30. Rf2 Rxf2 31. Kxf2 Nxe5 32. Re1 Rf8+ 33. Kg1 Nd7 34. Nd1
e5 35. Nf2 Re8 36. Kf1 e4 37. Ke2 Bc3 38. Rd1 Nf6 39. Bf4 Kg7 40. g4 Kg6 41.
Be3 b6 42. Bd4 Bxd4 43. Rxd4 c5 44. Rd1 d4 45. a4 Nd5 46. Rh1 Nc3+ 47. Ke1 a5
48. Nd1 Nd5 49. Rf1 e3 50. Rf5 Nb4 51. c3 Nd3+ 52. Ke2 Nc1+ 53. Ke1 Nxb3 54.
cxd4 Nxd4 55. Rd5 e2 56. Rd6+ Kg7 57. Rd7+ Kf8 58. Nc3 Nf3+ 0-1

[Event "XXXVI Gold Cup"]
[Site "Merano - Meran ITA"]
[Date "2008.04.12"]
[Round "9"]
[White "Jaeger, Erich"]
[Black "Freundorfer, Josef"]
[Result "0-1"]
[WhiteElo "2038"]
[BlackElo "2168"]
[PlyCount "102"]
[EventDate "2008.04.04"]

1. d4 Nf6 2. Bf4 g6 3. Nd2 Bg7 4. e4 d6 5. c3 Nc6 6. h3 e5 7. dxe5 dxe5 8. Bh2
O-O 9. Qc2 Qe7 10. Ngf3 Nh5 11. Bb5 Bd7 12. O-O-O a6 13. Bxc6 Bxc6 14. g4 Nf4
15. Nc4 Bb5 16. Ne3 Be2 17. Nd5 Qc5 18. Bxf4 Bxf3 19. Be3 Qc4 20. b3 Qxe4 21.
Qxe4 Bxe4 22. Rhe1 Bf3 23. Ne7+ Kh8 24. Rd7 Bf6 25. Rxc7 Rfe8 26. Bc5 Rad8 27.
Kc2 Bg5 28. c4 b6 29. Ba3 Rd2+ 30. Kb1 Rxf2 31. Rc8 Rxc8 32. Nxc8 f6 33. Nxb6
Bd2 34. Rc1 Be4+ 35. Ka1 Bxc1 36. Bxc1 Rh2 37. Nd7 Kg7 38. Nc5 Bf3 39. Nxa6
Rxh3 40. a4 Bxg4 41. Nc5 Bf3 42. a5 g5 43. a6 g4 44. Ne6+ Kf7 45. Nc7 g3 46. a7
g2 47. Be3 Bb7 48. Bc5 Rxb3 49. a8=Q Bxa8 50. Nxa8 Rc3 51. Nb6 g1=Q+ 0-1

[Event "XXXVI Gold Cup"]
[Site "Merano - Meran ITA"]
[Date "2008.04.12"]
[Round "9"]
[White "Opitz, Christian"]
[Black "Pohle, Dirk"]
[Result "1-0"]
[WhiteElo "2065"]
[BlackElo "2188"]
[PlyCount "69"]
[EventDate "2008.04.04"]

1. e4 c5 2. Nf3 e6 3. d4 cxd4 4. Nxd4 Nc6 5. c4 Qh4 6. Nc3 Bb4 7. Ndb5 Qxe4+ 8.
Be3 Qe5 9. Be2 a6 10. O-O axb5 11. Nxb5 Nge7 12. a3 Bc5 13. Bxc5 Qxc5 14. Nc7+
Kd8 15. Nxa8 Qa7 16. b4 Qxa8 17. b5 Ne5 18. Qd6 f6 19. f4 Nf7 20. Qd4 Qb8 21.
Rad1 Nf5 22. Qf2 b6 23. c5 d5 24. g4 Ne7 25. cxb6 Bb7 26. Rc1 e5 27. Rc7 d4 28.
fxe5 Ng5 29. Qxd4+ Bd5 30. Rfc1 fxe5 31. Qc5 Nh3+ 32. Kf1 Rf8+ 33. Ke1 Rf7 34.
Qd6+ Ke8 35. Rxe7+ 1-0

[Event "XXXVI Gold Cup"]
[Site "Merano - Meran ITA"]
[Date "2008.04.12"]
[Round "9"]
[White "Watson, Ron"]
[Black "Welz, Peter"]
[Result "0-1"]
[WhiteElo "2107"]
[BlackElo "2147"]
[PlyCount "72"]
[EventDate "2008.04.04"]

1. d4 f5 2. Bg5 g6 3. Nc3 Bg7 4. e4 fxe4 5. Nxe4 d5 6. Ng3 c5 7. Nf3 Nc6 8. Qd2
Qb6 9. O-O-O cxd4 10. Bd3 Bg4 11. Qf4 Bxf3 12. Qxf3 O-O-O 13. Qg4+ Kb8 14. Rhe1
Nf6 15. Qe6 Rhf8 16. a3 Ka8 17. f3 a6 18. Qh3 e5 19. Bxf6 Bxf6 20. Qxh7 Bg5+
21. Kb1 Be7 22. Ka2 Rh8 23. Qxg6 e4 24. Qf7 exd3 25. Rxd3 Bd6 26. Rb3 Qc7 27.
Qxc7 Bxc7 28. Nf1 Rde8 29. Rxe8+ Rxe8 30. g4 Re2 31. Ng3 Rxh2 32. Nf5 Rxc2 33.
Rd3 Rf2 34. Nxd4 Be5 35. Nxc6 Rxb2+ 36. Ka1 bxc6 0-1

[Event "XXXVI Gold Cup"]
[Site "Merano - Meran ITA"]
[Date "2008.04.12"]
[Round "9"]
[White "Wempe, Juergen"]
[Black "Poffers, Adriaan"]
[Result "1/2-1/2"]
[WhiteElo "2183"]
[BlackElo "2251"]
[PlyCount "44"]
[EventDate "2008.04.04"]

1. d4 g6 2. Nf3 Bg7 3. c3 d6 4. h3 Nd7 5. e4 h6 6. Bc4 e5 7. dxe5 dxe5 8. Na3
Ngf6 9. Nh4 Qe7 10. Qf3 Nb6 11. Bb3 Be6 12. O-O O-O 13. Bd2 Nfd7 14. Bxe6 Qxe6
15. c4 Rfd8 16. Qe2 Nc5 17. Be3 Nd3 18. Rfd1 Nf4 19. Qc2 Qf6 20. g3 Nxh3+ 21.
Kg2 Nf4+ 22. Kg1 Ne6 1/2-1/2

[Event "LIII C.to Torinese Assoluto"]
[Site "Torino ITA"]
[Date "2008.10.29"]
[Round "1"]
[White "Finocchiaro, Gianluca"]
[Black "Pepino, Enrico"]
[WhiteElo "2026"]
[BlackElo "2145"]
[Result "0-1"]
[PlyCount "68"]
[EventDate "2008.10.29"]

1. e4 d6 2. d4 g6 3. Nc3 Nf6 4. Nf3 Bg7 5. Be2 O-O 6. h3 c6 7. Be3 b5 8. a3 Bb7
9. O-O a6 10. Qd2 Nbd7 11. Rad1 Rc8 12. e5 Ne8 13. e6 fxe6 14. Ng5 Nc7 15. Bg4
e5 16. Be6+ Kh8 17. Nf7+ Rxf7 18. Bxf7 d5 19. f4 exd4 20. Bxd4 Qf8 21. f5 Qxf7
22. fxg6 Qxg6 23. Bxg7+ Qxg7 24. Ne4 Rg8 25. Rf2 Bc8 26. Nc3 Ne5 27. Kh1 Nc4
28. Qe2 e5 29. Rdf1 Nd6 30. Rf6 Nce8 31. R6f2 e4 32. Nd1 Be6 33. c3 a5 34. Qe3
Nf5 0-1

[Event "LIII C.to Torinese Assoluto"]
[Site "Torino ITA"]
[Date "2008.10.29"]
[Round "1"]
[White "Gallucci, Alessio"]
[Black "Parodi, Alessandro"]
[WhiteElo "2197"]
[BlackElo "2074"]
[Result "1-0"]
[PlyCount "55"]
[EventDate "2008.10.29"]

1. d4 Nf6 2. Bf4 d5 3. Nc3 e6 4. e3 Bb4 5. a3 Bxc3+ 6. bxc3 Ne4 7. Ne2 g5 8.
Be5 f6 9. Bg3 Nxg3 10. Nxg3 Qe7 11. h4 Nd7 12. Bd3 Nf8 13. Qh5+ Kd8 14. hxg5
fxg5 15. Nf1 h6 16. Nd2 Bd7 17. Nf3 Be8 18. Qg4 Bg6 19. Ne5 Qf6 20. Rb1 h5 21.
Qf3 Qxf3 22. Nxf3 Bxd3 23. cxd3 g4 24. Ne5 Kc8 25. Nxg4 Rg8 26. Nf6 Rxg2 27.
Nxh5 b6 28. Ng3 1-0

[Event "LIII C.to Torinese Assoluto"]
[Site "Torino ITA"]
[Date "2008.10.30"]
[Round "2"]
[White "Faraoni, Enrico"]
[Black "Giacometto, Mario"]
[WhiteElo "2117"]
[BlackElo "1962"]
[Result "1/2-1/2"]
[PlyCount "29"]
[EventDate "2008.10.29"]

1. a3 g6 2. h4 Nf6 3. b4 Bg7 4. Bb2 a5 5. b5 c6 6. a4 cxb5 7. axb5 b6 8. g4 h6
9. Bg2 Ra7 10. Ra4 Bb7 11. Kf1 d6 12. Na3 Nbd7 13. g5 Nh5 14. Bxb7 Bxb2 15. Bc6
1/2-1/2